000 00658nam a2200253Ia 4500
003 OSt
005 20220918163332.0
006 a|||||r|||| 00| 0
007 ta
008 220917b |||||||| |||| 00| 0 eng d
020 _a0 571 11109 2
024 _a28,295
037 _cTextual
040 _aARTS
_cARTS
_beng
041 _2eng
_aeng
082 _aO111,2N43, L6
100 _aShepard Sam
_912719
245 0 _aAngel city and other plays
260 _aLondon
_bFaber and Faber UK
_c1976
300 _a245p.
_ccm.
650 _aENGLISH LITERATURE
942 _hO111,2N43, L6
_cTEXL
_2CC
999 _c119144
_d119144